| 000 | 02091nam a22002897a 4500 | ||
|---|---|---|---|
| 999 |
_c63433 _d63433 |
||
| 003 | Ge_BSU | ||
| 005 | 20251008205726.0 | ||
| 008 | 251008s2017 ge ||||| |||| 00| 0 geo d | ||
| 020 | _a9789941245800 | ||
| 041 | _ageo | ||
| 080 | _a61(031) პ-63 | ||
| 100 |
_aპორტერი, რობერტ ს. _925965 |
||
| 245 |
_aჯანმრთელობის ენციკლოპედია ყველა თაობისთვის : 7 ტომეული : _bტ. 5 / _cრობერტ ს. პორტერი, ჯასტინ ლ. კაპლანი, ბარბარა პ. ჰომიერი; მთარგმნელები: ნინო კიკნაძე, ლია რუსიეშვილი, ანა სიბოშვილი [და სხვ.]; რედაქტორები: გივი ჯავაშვილი, გურამ კიკნაძე, თამარ მამაცაშვილი. |
||
| 264 |
_aთბილისი : _bპალიტრა L, _c2017. |
||
| 300 |
_a636 გვ.; _b26 სმ. |
||
| 490 | _aმსოფლიო ბესტსელერი | ||
| 653 | _aინფექციები ; კანის დაავადებები | ||
| 653 | _a პირის ღრუს და კბილების დაავადებები | ||
| 653 | _a ყელ-ყურ-ცხვირის დაავადებები | ||
| 653 | _aმხედველობის სისტემის დაავადებები | ||
| 700 |
_aკაპლანი, ჯასტინ ლ., _eავტორი _925972 |
||
| 700 |
_aჰომიერი, ბარბარა პ. _eავტორი _925977 |
||
| 700 |
_aკიკნაძე, ნინო _eმთარგმნელი _925978 |
||
| 700 |
_aრუსიეშვილი, ლია _eმთარგმნელი _925979 |
||
| 700 |
_aსიბოშვილი, ანა და სხვ. _eმთარგმნელი _925976 |
||
| 942 |
_2udc _cᲬᲘᲒᲜᲘ |
||